Las cinco características de una familia amorosa
Gespeichert in:
| 1. Verfasser: | |
|---|---|
| Format: | Buch |
| Sprache: | Spanisch |
| Veröffentlicht: |
Miami.
Unilit.
1997.
|
| Schlagworte: | |
| Tags: |
Tag hinzufügen
Keine Tags, Fügen Sie den ersten Tag hinzu!
|
MARC
| LEADER | 00000nam a22000005a 4500 | ||
|---|---|---|---|
| 001 | 16780 | ||
| 003 | CL-ChBUA | ||
| 005 | 20120815103619.0 | ||
| 008 | 070301s1997 xxu 000 0 spa | ||
| 020 | |a 0789907852 | ||
| 040 | |a CL-ChBUA |c CL-ChBUA | ||
| 082 | 0 | 0 | |a 248.4 |
| 090 | |c 16780 |d 16780 | ||
| 100 | 1 | |a Chapman, Gary. | |
| 245 | 1 | 0 | |a Las cinco características de una familia amorosa |
| 260 | |b Unilit. |a Miami. |c 1997. | ||
| 650 | 4 | |a VIDA CRISTIANA. | |
| 942 | |c LIB | ||
| 952 | |0 0 |1 0 |4 0 |7 0 |9 23257 |a UNACH |b UNACH |c 200 |d 2007-03-05 |i 35.438. |l 5 |o 248.4 / Ch 466 l |p 24256 |r 2024-12-04 00:00:00 |s 2024-11-22 |u 23257 |w 2012-08-08 |y LIB |k 248.4 / Ch 466 l | ||
| 999 | |c 16780 |d 16780 | ||